| 000 | 00341nam a2200145Ia 4500 | ||
|---|---|---|---|
| 008 | 230917s9999||||xx |||||||||||||| ||und|| | ||
| 040 |
_e247220 _aMAIN |
||
| 041 | _aEnglish | ||
| 082 | _a346.0334 S56M | ||
| 100 | _aSandeep | ||
| 245 | 0 | _aMischief: A study under different dimentions | |
| 260 | _c2016 | ||
| 300 | _a152 p. | ||
| 942 | _cTH | ||
| 999 |
_c127965 _d127965 |
||